Jeu de mots - Ils commencent par "dol" - Statistiques

Statistiques générales
  • Ce quiz a été pris 104 fois
  • Le résultat moyen est 5 sur 15
Statistiques - réponses
Hint Réponse % Correct
Manœuvre frauduleuse qui entache un contrat de vice. Dol
100%
Souvent associé à "vita" ou bien "Gabana". Dolce
98%
Sous l'Ancien Régime, elles furent demandées par voie de cahiers lors des Etats généraux. (Singulier demandé) Doléance
77%
Théophile-Malo de La Tour d'Auvergne-Corret serait le premier à avoir utilisé ce terme qui désigne un mégalithe dans son ouvrage "Origines gauloises". Dolmen
67%
Il y en a 100 000 au soleil dans le titre d'un film avec Lino Ventura et Jean-Paul Belmondo. Dollar
53%
Mon singulier est un minéral constitué d'un carbonate de calcium et de magnésium, de formule chimique CaMg(CO3)2. Mon pluriel désigne un massif montagneux italien. Dolomite
42%
Seul nom propre de ce quizz. Terme qui désigne une psychanalyste dont le fils, disparu, était notamment chanteur... et pas le dernier pour raconter des blagues. Dolto
35%
Doctrine philosophique, spirituelle ou religieuse qui attribue une valeur morale à la douleur. Dolorisme
13%
Dépression géologique fermée de forme circulaire ou ovale. En changeant, ma première lettre on obtient le prénom de la réalisatrice du film "La Crise" avec Vincent Lindon. Doline
11%
En musique, qui veut dire "Très doucement". Dolcissimo
8%
Roche sédimentaire composée du minéral précédemment défini dans ce quizz. Dolomie
7%
Veste d’uniforme garnie que portaient les hussards, les chasseurs à cheval. Très proche orthographiquement d'une autre réponse de ce quizz. Dolman
5%
Partie de peau enlevée grâce à l'action de la question 2. Dolure
4%
Action d'aplanir ou amincir des planches, des peaux avec un instrument tranchant ou une meule. Dolage
1%
Légumineuse cultivées pour l'alimentation proche du haricot. Dolic | Dolique
1%
Aucun quiz correspondant
Distribution des résultats
% des personnes avec chaque résultat
Percentile par nombre de réponses
Votre historique - résultats
Vous n’avez pas pris ce quiz